VENTURA, GABIN ou LES DEUX ? - Statistiques

Statistiques générales
  • Ce quiz a été pris 21 fois
  • Le résultat moyen est 8 sur 15
Statistiques - réponses
Question Réponse % Correct
L'affaire Dominici GABIN
89%
Le clan des siciliens LES DEUX
79%
Touchez pas au grisbi LES DEUX
68%
Marie Octobre VENTURA
68%
L'armée des ombres VENTURA
68%
L'air de Paris GABIN
63%
Le gorille vous salue bien VENTURA
63%
L'arme à gauche VENTURA
58%
Rue des prairies GABIN
53%
Razzia sur la chnouf LES DEUX
42%
Le rouge est mis LES DEUX
37%
Un témoin dans la ville VENTURA
37%
Du rififi à Paname GABIN
32%
Maigret tend un piège LES DEUX
16%
Crime et châtiment LES DEUX
0%
Aucun quiz correspondant
Distribution des résultats
% des personnes avec chaque résultat
Percentile par nombre de réponses
Votre historique - résultats
Vous n’avez pas pris ce quiz